000 00806nam a22001937a 4500
005 20180220100232.0
010 _aB-689584
020 _c395.00
035 _aB-689584
037 _adpl
_bKKP
082 _a344
245 _aThe central motor vehicles rules, 1989 :
_bas mended by the central motor vehicles (eighteenth amendment) rules, 2017/
260 _aDelhi
_bUniversal Law Publishing
_c2018
270 _aLexisNexis, 14th Floor, Building No.10, DLF Cyber City, Phase-II
_bGurgaon
_e122002
300 _axvi,461p.
_c23cm(pbk)
505 _a(Rashtrapati Bhawan)
942 _2ddc
_cEN
_mCEN
_h344
999 _c150013
_d150013